<?xml version="1.0" encoding="UTF-8"?><?xml-stylesheet type="text/xsl" href="static/style.xsl"?><OAI-PMH xmlns="http://www.openarchives.org/OAI/2.0/" xmlns:xsi="http://www.w3.org/2001/XMLSchema-instance" xsi:schemaLocation="http://www.openarchives.org/OAI/2.0/ http://www.openarchives.org/OAI/2.0/OAI-PMH.xsd"><responseDate>2026-06-29T02:07:11Z</responseDate><request verb="GetRecord" identifier="oai:docta.ucm.es:20.500.14352/118706" metadataPrefix="marc">https://docta.ucm.es/rest/oai/request</request><GetRecord><record><header><identifier>oai:docta.ucm.es:20.500.14352/118706</identifier><datestamp>2025-03-18T13:46:55Z</datestamp><setSpec>com_20.500.14352_14</setSpec><setSpec>col_20.500.14352_15</setSpec></header><metadata><record xmlns="http://www.loc.gov/MARC21/slim" xmlns:dcterms="http://purl.org/dc/terms/" xmlns:xsi="http://www.w3.org/2001/XMLSchema-instance" xmlns:doc="http://www.lyncode.com/xoai" xsi:schemaLocation="http://www.loc.gov/MARC21/slim http://www.loc.gov/standards/marcxml/schema/MARC21slim.xsd">
   <leader>00925njm 22002777a 4500</leader>
   <datafield ind2=" " ind1=" " tag="042">
      <subfield code="a">dc</subfield>
   </datafield>
   <datafield ind2=" " ind1=" " tag="720">
      <subfield code="a">Lázaro López-Villaseñor, Miguel</subfield>
      <subfield code="e">author</subfield>
   </datafield>
   <datafield ind2=" " ind1=" " tag="720">
      <subfield code="a">Pérez Moreno, Elisa María</subfield>
      <subfield code="e">author</subfield>
   </datafield>
   <datafield ind2=" " ind1=" " tag="720">
      <subfield code="a">Martínez Arias, María Del Rosario</subfield>
      <subfield code="e">author</subfield>
   </datafield>
   <datafield ind2=" " ind1=" " tag="260">
      <subfield code="c">2020</subfield>
   </datafield>
   <datafield ind2=" " ind1=" " tag="520">
      <subfield code="a">This study analyzes the role of derivational suffixes in visual word recognition, tracking  the eye movements of 31 participants in a sentence-reading task in Spanish. Perceptual  salience of suffixes was operationalized as the proportion of letters represented by the  suffixes with respect to the full words, that is, we relate the number of letters  comprising the suffixes to the number of letters in the words in which they appear. The  results reveal a significant role in first fixation duration of both word frequency –the  more frequent the word, the shorter the fixations, and perceptual salience –the more  salient the suffix, the longer the fixations. Moreover, in gaze duration, our results show  a main effect of word length –the longer the word, the longer the fixations; word frequency; and significant interactions between word frequency and perceptual salience  of suffixes on the one hand –the effect of word frequency is only significant when perceptual salience of suffixes is high, and between word frequency and word length on  the other hand -the frequency effect decreases as word length increases. Overall results  are interpreted in the light of the dual route models by which full-form and  morphological processing interactively cooperate in visual word recognition.</subfield>
   </datafield>
   <datafield ind1="8" ind2=" " tag="024">
      <subfield code="a">Lázaro, M., Pérez, E.&amp; Martínez, R. (2020). Perceptual salience of derivational suffixes in visual word recognition. Scandinavian Journal of Psychology, 61, 348–360</subfield>
   </datafield>
   <datafield ind1="8" ind2=" " tag="024">
      <subfield code="a">0036-5564</subfield>
   </datafield>
   <datafield ind1="8" ind2=" " tag="024">
      <subfield code="a">10.1111/sjop.12617</subfield>
   </datafield>
   <datafield ind1="8" ind2=" " tag="024">
      <subfield code="a">https://hdl.handle.net/20.500.14352/118706</subfield>
   </datafield>
   <datafield ind1="8" ind2=" " tag="024">
      <subfield code="a">1467-9450</subfield>
   </datafield>
   <datafield ind1="8" ind2=" " tag="024">
      <subfield code="a">https://doi.org/10.1111/sjop.12617</subfield>
   </datafield>
   <datafield ind1="8" ind2=" " tag="024">
      <subfield code="a">https://onlinelibrary.wiley.com/doi/10.1111/sjop.12617</subfield>
   </datafield>
   <datafield ind2="0" ind1="0" tag="245">
      <subfield code="a">Perceptual salience of derivational suffixes in visual word  recognition</subfield>
   </datafield>
</record></metadata></record></GetRecord></OAI-PMH>